000 00590nam a22001457a 4500
020 _a978-0-552-55410-7
082 _a823
_bPAO/E
100 _aPAOLINI, CHRISTOPHER
245 _aELDEST
260 _aUNITED KINGDOM
_bRANDOM HOUSE
300 _a681
520 _aWhen the first book in the trilogy opens, Eragon is just a farm boy from a remote valley; when he discovers a dragon egg and it hatches, he and the dragon, Saphira, become linked for life and he assumes the only person alive with the rare and powerful status of a Dragon Rider.
650 _aNOVEL
_zUNITED KINGDOM
942 _cBK
999 _c3703
_d3703